| 000 | 00424nam a2200121Ia 4500 | ||
|---|---|---|---|
| 008 | 220217s9999 xx 000 0 und d | ||
| 245 | 0 | _aMethods of test for vulcanized rubber . Part 6. Determination of the effect of liquids (Third revision) | |
| 260 | _aNew Delhi | ||
| 260 |
_c2012 _bBureau of Indian Standards |
||
| 490 | _aIndian standard | ||
| 500 | _aStandard number: IS 3400 Part 6: 2012 (ISO 1817:2011) | ||
| 942 | _cST | ||
| 999 |
_c73667 _d73667 |
||